000 00746nam a2200229Ia 4500
003 GCL
008 140319s9999 xx 000 0 ara d
040 _aGCL /
_cGCL
082 0 4 _aق
_b953.0738
_bم ح
100 1 _aمحمد عبدالله عنان
245 1 0 _aالحاكم بامرالله: واسرار الدعوة الفاطمية /
_cمحمد عبدالله عنان
260 _a[S.N] :
_bدار النشر الحديث
300 _a276 ص
490 _a
650 0 4 _aالاسلام
650 0 4 _aالدولة الفاطمية
650 0 4 _aالتاريخ الاسلامى
650 0 4 _aالدعوة
650 0 4 _aالدعوة الفاطمية بالازهر
650 0 4 _aالحاكم بامرالله
942 _2ddc
_cBK
999 _c58424
_d58424